[Event "DVM U10 2013"]
[Site "Magdeburg GER"]
[Date "2013.12.28"]
[Round "3"]
[White "Lutz, Ruben"]
[Black "Heckmann, Till"]
[Result "0-1"]
[Termination "normal"]
[Board "1.1"]
[WhiteElo "1356"]
[BlackElo "1463"]
[WhiteTeam "USV TU Dresden"]
[BlackTeam "SV Empor Berlin"]
[WhiteFideId "12975974"]
[BlackFideId "12987093"]
[EventCountry "GER"]
[EventRounds "6"]
[EventType "team-swiss"]
[EventDate "2013.12.27"]

1. d4 Nf6 2. Nf3 d6 3. h3 g6 4. Bg5 Bg7 5. e3 O-O 6. Bd3 Nc6 7. Nbd2 Re8 8. O-O
h6 9. Bh4 e5 10. dxe5 dxe5 11. e4 g5 12. Bg3 Nh7 13. Re1 Nb4 14. Bc4 a6 15. a3
Nc6 16. Nf1 Nd4 17. Nxd4 exd4 18. Qd3 b5 19. Ba2 Bb7 20. Rad1 c5 21. b3 Rc8 22.
Nd2 Nf6 23. Kh1 Nh5 24. Bh2 Nf4 25. Bxf4 gxf4 26. Kg1 Qg5 27. Kh1 Kh8 28. Nf3
Qg6 29. Nh4 Qe6 30. f3 Rg8 31. Nf5 Bf8 32. Qe2 Rd8 33. Kh2 Qg6 34. Kh1 Bc8 35.
Kh2 Bxf5 36. exf5 Qxf5 37. Qe5+ Qxe5 38. Rxe5 Bd6 39. Re4 Rg7 40. Rg1 Rdg8 0-1

[Event "DVM U10 2013"]
[Site "Magdeburg GER"]
[Date "2013.12.28"]
[Round "3"]
[White "Breitzmann, Sander"]
[Black "Schubert, Christoph"]
[Result "0-1"]
[Termination "normal"]
[Board "1.2"]
[WhiteElo "1411"]
[BlackElo "1108"]
[WhiteTeam "SV Empor Berlin"]
[BlackTeam "USV TU Dresden"]
[WhiteFideId "12987085"]
[EventCountry "GER"]
[EventRounds "6"]
[EventType "team-swiss"]
[EventDate "2013.12.27"]

1. e4 c5 2. Nf3 d6 3. d4 cxd4 4. Nxd4 Nf6 5. Nc3 e6 6. Be3 Be7 7. f3 O-O 8. Bc4
Bd7 9. O-O Nc6 10. Qd2 Rc8 11. Bb3 Rc7 12. Ndb5 Rc8 13. Nxd6 Rb8 14. Ndb5 a6
15. Nd4 Qc7 16. Qf2 Bd6 17. g3 Na5 18. Rad1 Rfd8 19. Rd2 Nc4 20. Bxc4 Qxc4 21.
Rfd1 Be8 22. Nde2 Qc6 23. e5 Be7 24. exf6 Bxf6 25. Bd4 Be7 26. Be5 Rbc8 27. f4
Rxd2 28. Rxd2 Rd8 29. Rxd8 Bxd8 30. Nd4 Qb6 31. Nb3 Qc6 32. Qd4 Bb6 33. Bxg7
Bxd4+ 34. Bxd4 b5 35. Nd2 b4 36. Nce4 Qxc2 37. Nf6+ Kf8 38. Nf1 Qc4 39. Nxh7+
Ke7 40. Bf6+ Kd7 41. Nf8+ Kc8 42. Ne3 Qc5 43. Kf2 Qxf8 44. Bd4 Qd6 45. Be5 Qd2+
46. Kf3 Bc6+ 47. Kg4 Qxe3 48. h4 f5+ 49. Kh5 Qf3+ 50. Kh6 Qxg3 51. h5 Qh4 52.
Bg7 Be8 53. Kh7 Qxh5+ 54. Kg8 Qf7+ 55. Kh8 Kd7 56. a3 bxa3 57. bxa3 Qe7 58. Bb2
Qd6 59. Be5 Qxa3 60. Bg7 Qb3 61. Be5 a5 62. Bg7 a4 63. Bh6 a3 64. Bg7 a2 65.
Kh7 Qd1 66. Kh8 a1=Q 67. Bxa1 Qxa1+ 68. Kg8 Ke7 69. Kh7 Kf6 70. Kg8 Qa7 71. Kh8
Qg7# 0-1

[Event "DVM U10 2013"]
[Site "Magdeburg GER"]
[Date "2013.12.28"]
[Round "3"]
[White "Breitzmann, Thorge"]
[Black "Wehner, Tobias"]
[Result "1-0"]
[Termination "normal"]
[Board "1.4"]
[WhiteElo "1009"]
[BlackElo "992"]
[WhiteTeam "SV Empor Berlin"]
[BlackTeam "USV TU Dresden"]
[BlackFideId "16224000"]
[EventCountry "GER"]
[EventRounds "6"]
[EventType "team-swiss"]
[EventDate "2013.12.27"]

1. d4 d5 2. c4 e6 3. Nc3 Nf6 4. Nf3 Nc6 5. Bg5 Be7 6. e3 O-O 7. Bd3 Nd7 8. Bf4
Bd6 9. Bxd6 cxd6 10. cxd5 Nb4 11. dxe6 Nxd3+ 12. Qxd3 fxe6 13. O-O e5 14. dxe5
dxe5 15. Qd5+ Kh8 16. Nxe5 Nxe5 17. Qxe5 Re8 18. Rad1 Bd7 19. Qd5 Bc6 20. Qxd8
Raxd8 21. Rxd8 Rxd8 22. Rd1 Rf8 23. f3 Kg8 24. Kf2 Kf7 25. Kg3 Kg6 26. Rd6+ Kf7
27. Kg4 Ke7 28. Rd4 Kf6 29. Rf4+ Ke7 30. Rxf8 Kxf8 31. Kf5 Kf7 32. e4 Bd7+ 33.
Ke5 Ke7 34. Nd5+ Kf7 35. Kd6 Bb5 36. e5 Ke8 37. Nc7+ Kd8 38. Nxb5 a6 39. Nc7 b5
40. e6 b4 41. e7+ Kc8 42. e8=Q+ Kb7 43. Qa8+ Kb6 44. Qxa6# 1-0

[Event "DVM U10 2013"]
[Site "Magdeburg GER"]
[Date "2013.12.28"]
[Round "3"]
[White "Höfs, Cederik"]
[Black "Grube, Olaf"]
[Result "1-0"]
[Termination "normal"]
[Board "2.2"]
[WhiteElo "1010"]
[BlackElo "1224"]
[WhiteTeam "TuRa Harksheide 1"]
[BlackTeam "Schach-Kids Bernhausen 1"]
[WhiteFideId "16207653"]
[BlackFideId "12956988"]
[EventCountry "GER"]
[EventRounds "6"]
[EventType "team-swiss"]
[EventDate "2013.12.27"]

1. e4 e5 2. Bc4 Nf6 3. d3 Nc6 4. Nc3 Bb4 5. Bg5 O-O 6. Nf3 d6 7. O-O Bxc3 8.
bxc3 Bg4 9. h3 Bh5 10. Rb1 b6 11. Bd5 Qd7 12. Bxf6 gxf6 13. d4 exd4 14. cxd4
Kh8 15. c4 Rg8 16. Kh2 f5 17. exf5 Raf8 18. Qd3 Bxf3 19. Qxf3 Nxd4 20. Qc3 c5
21. g4 h5 22. Rbe1 hxg4 23. hxg4 Rxg4 24. Qh3+ Kg7 25. Qxg4+ Kf6 26. Qh4+ Kxf5
27. Be4+ Ke5 28. Qg5+ f5 29. Bc6+ Ne2 30. Rxe2+ Kd4 31. Bxd7 Kxc4 32. Qf4+ Kc3
33. Rc1+ Kd3 34. Bb5+ c4 35. Bxc4# 1-0

[Event "DVM U10 2013"]
[Site "Magdeburg GER"]
[Date "2013.12.28"]
[Round "3"]
[White "Floeter, Nico"]
[Black "Rößl, Adam"]
[Result "1-0"]
[Termination "normal"]
[Board "2.3"]
[WhiteElo "1078"]
[BlackElo "944"]
[WhiteTeam "Schach-Kids Bernhausen 1"]
[BlackTeam "TuRa Harksheide 1"]
[BlackFideId "16246047"]
[EventCountry "GER"]
[EventRounds "6"]
[EventType "team-swiss"]
[EventDate "2013.12.27"]

1. e4 e5 2. Nf3 Nc6 3. Bb5 a6 4. Ba4 d6 5. h3 Nf6 6. d3 Be7 7. O-O O-O 8. Re1
d5 9. Nbd2 d4 10. a3 Qd6 11. Nf1 Nh5 12. Ng3 Qg6 13. Nxe5 Nxe5 14. Qxh5 Qxh5
15. Nxh5 Rd8 16. Bf4 Ng6 17. Bxc7 Rf8 18. Bb6 a5 19. Bxd4 Ra6 20. Bxg7 Rd8 21.
Bc3 Nh4 22. Re3 Bd6 23. Nf6+ Kf8 24. Nxh7+ Kg8 25. Nf6+ Kh8 26. Ne8+ Kh7 27.
Nf6+ Kg6 28. e5 Nf5 29. Re4 Be7 30. Rg4+ Kh6 31. Bd2+ Ne3 32. Bxe3# 1-0

[Event "DVM U10 2013"]
[Site "Magdeburg GER"]
[Date "2013.12.28"]
[Round "3"]
[White "Nguyen, Alex Dac-Vuong"]
[Black "Stirnberg, Noah"]
[Result "1-0"]
[Termination "normal"]
[Board "3.1"]
[WhiteElo "1309"]
[BlackElo "1355"]
[WhiteTeam "BSG Grün-Weiß Leipzig 1"]
[BlackTeam "SK Blauer Springer Paderborn 1"]
[WhiteFideId "12984388"]
[BlackFideId "16207742"]
[EventCountry "GER"]
[EventRounds "6"]
[EventType "team-swiss"]
[EventDate "2013.12.27"]

1. e4 c5 2. Nf3 d6 3. d4 cxd4 4. Nxd4 Nf6 5. Nc3 a6 6. Be3 e5 7. Nb3 Be7 8. g3
Ng4 9. Nd5 Nxe3 10. Nxe3 Be6 11. Bg2 Nd7 12. Qd2 Qc7 13. O-O Rc8 14. Rac1 Nc5
15. Rfd1 b5 16. Nd5 Bxd5 17. Qxd5 Qc6 18. Nxc5 Qxc5 19. Bh3 Qxd5 20. Rxd5 Rc4
21. f3 O-O 22. b3 Rc3 23. Kg2 Bg5 24. f4 exf4 25. Rxg5 Re8 26. Rd5 g6 27. Rxd6
Rxe4 28. Rd3 Re2+ 29. Kf1 Rxd3 30. Kxe2 Re3+ 31. Kf2 Rc3 32. Bf1 f3 33. Bd3 f5
34. Kxf3 Kf7 35. Re1 Kf6 36. h4 h5 37. Re3 Rc5 38. Kf4 Rd5 {nicht mehr
nachvollziehbar} 1-0

[Event "DVM U10 2013"]
[Site "Magdeburg GER"]
[Date "2013.12.28"]
[Round "3"]
[White "Brockhoff, Moritz"]
[Black "Haufe, Laurin"]
[Result "1-0"]
[Termination "normal"]
[Board "3.2"]
[WhiteElo "1258"]
[BlackElo "1254"]
[WhiteTeam "SK Blauer Springer Paderborn 1"]
[BlackTeam "BSG Grün-Weiß Leipzig 1"]
[WhiteFideId "16214927"]
[BlackFideId "12976504"]
[EventCountry "GER"]
[EventRounds "6"]
[EventType "team-swiss"]
[EventDate "2013.12.27"]

1. d4 Nf6 2. Nf3 d5 3. Bf4 Bf5 4. e3 e6 5. Bd3 Bg6 6. Qe2 Bd6 7. Bg3 Qe7 8.
Nbd2 Nbd7 9. O-O c5 10. c3 c4 11. Bxg6 hxg6 12. e4 Bxg3 13. fxg3 dxe4 14. Nxe4
Nxe4 15. Qxe4 Nf6 16. Qe2 Rc8 17. Ne5 b5 18. a4 a6 19. axb5 axb5 20. b3 Qc7 21.
bxc4 bxc4 22. Qxc4 Qxc4 23. Nxc4 Nd5 24. Nd6+ Kd7 25. Nxc8 Rxc8 26. Rxf7+ Ke8
27. Rxg7 Ne7 28. Ra7 Rxc3 29. Rgxe7+ Kf8 30. Rg7 1-0

[Event "DVM U10 2013"]
[Site "Magdeburg GER"]
[Date "2013.12.28"]
[Round "3"]
[White "Prieb, Robert"]
[Black "Hinze, Aaron"]
[Result "1-0"]
[Termination "normal"]
[Board "3.4"]
[WhiteElo "898"]
[BlackElo "1129"]
[WhiteTeam "SK Blauer Springer Paderborn 1"]
[BlackTeam "BSG Grün-Weiß Leipzig 1"]
[WhiteFideId "16212002"]
[BlackFideId "12990183"]
[EventCountry "GER"]
[EventRounds "6"]
[EventType "team-swiss"]
[EventDate "2013.12.27"]

1. d4 d5 2. Nf3 e6 3. Bf4 Nf6 4. e3 Nbd7 5. Bd3 c5 6. c3 Qb6 7. Qc2 Be7 8. Nbd2
Nh5 9. Bg3 Nxg3 10. hxg3 Nf6 11. O-O-O c4 12. Bxh7 Qd6 13. a3 Bd7 14. Bg6 Rxh1
15. Rxh1 O-O-O 16. Bxf7 Rf8 17. Bg6 Bb5 18. Qb1 Qb6 19. Ne5 Nd7 20. Nxd7 Kxd7
21. f4 Rc8 22. Rh7 Bf6 23. f5 e5 24. dxe5 Bxe5 25. f6 Bxf6 26. Bf5+ Kc7 27.
Bxc8 Kxc8 28. Qf5+ Bd7 29. Rh8+ Kc7 30. Qf4+ Kc6 31. Nf3 g5 32. Qxf6+ Kb5 33.
Nd4+ 1-0

[Event "DVM U10 2013"]
[Site "Magdeburg GER"]
[Date "2013.12.28"]
[Round "3"]
[White "Buchloh, Adrian"]
[Black "Kühne, Leon"]
[Result "1-0"]
[Termination "normal"]
[Board "4.1"]
[WhiteElo "1464"]
[BlackElo "1256"]
[WhiteTeam "Hagener SV"]
[BlackTeam "Schachzwerge Magdeburg 1"]
[WhiteFideId "12960675"]
[BlackFideId "12943568"]
[EventCountry "GER"]
[EventRounds "6"]
[EventType "team-swiss"]
[EventDate "2013.12.27"]

1. d4 d5 2. Bf4 Nf6 3. Nc3 Nc6 4. Nb5 Nh5 5. Bxc7 Qd7 6. Bg3 Nxg3 7. hxg3 e5 8.
dxe5 Nxe5 9. e3 Bb4+ 10. c3 Ba5 11. Nd4 a6 12. Qc2 h6 13. O-O-O b5 14. e4 Bb7
15. exd5 Bxd5 16. Re1 Bc7 17. f4 Bxa2 18. fxe5 Rc8 19. e6 fxe6 20. Nxe6 Bxe6
1-0

[Event "DVM U10 2013"]
[Site "Magdeburg GER"]
[Date "2013.12.28"]
[Round "3"]
[White "von Pokrzywnicki, Moritz"]
[Black "Brunner, Sophia"]
[Result "0-1"]
[Termination "normal"]
[Board "4.2"]
[WhiteElo "1016"]
[BlackElo "1329"]
[WhiteTeam "Schachzwerge Magdeburg 1"]
[BlackTeam "Hagener SV"]
[WhiteFideId "12943541"]
[BlackFideId "12960683"]
[EventCountry "GER"]
[EventRounds "6"]
[EventType "team-swiss"]
[EventDate "2013.12.27"]

1. e4 d5 2. exd5 Qxd5 3. Nc3 Qa5 4. Nf3 Bg4 5. Be2 Nc6 6. O-O e6 7. h3 Bh5 8.
a3 Nf6 9. d3 Bd6 10. Be3 Bxf3 11. Bxf3 Qe5 12. g3 Qf5 13. Bg2 Qg6 14. Ne4 h5
15. Nxd6+ cxd6 16. Re1 h4 17. g4 d5 18. Bf1 Nd7 19. c4 f5 20. Be2 d4 21. Bf4
Rf8 22. g5 Qf7 23. g6 Qxg6+ 24. Kh2 O-O-O 25. Rg1 Qh7 26. b4 e5 27. Bg5 Nf6 28.
Bd2 e4 29. b5 Ne7 30. c5 exd3 31. Bxd3 Ned5 32. c6 b6 33. Qf3 Ne4 34. Bxe4 fxe4
35. Qxe4 Qxe4 36. Rxg7 Rxf2+ 37. Kg1 Rxd2 38. a4 Ne3 39. a5 Rg2+ 40. Rxg2 Qxg2#
0-1

[Event "DVM U10 2013"]
[Site "Magdeburg GER"]
[Date "2013.12.28"]
[Round "3"]
[White "Scheidt, Mike Niklas"]
[Black "Wernecke, Tim"]
[Result "1-0"]
[Termination "normal"]
[Board "4.3"]
[WhiteElo "935"]
[BlackElo "986"]
[WhiteTeam "Hagener SV"]
[BlackTeam "Schachzwerge Magdeburg 1"]
[WhiteFideId "12965235"]
[BlackFideId "12997137"]
[EventCountry "GER"]
[EventRounds "6"]
[EventType "team-swiss"]
[EventDate "2013.12.27"]

1. d4 e6 2. Nf3 Nf6 3. c4 Nc6 4. Nc3 Bb4 5. Bf4 Ne4 6. Qd3 d5 7. a3 Bxc3+ 8.
bxc3 Qf6 9. Bxc7 b6 10. cxd5 exd5 11. Be5 Nxe5 12. dxe5 Qc6 13. Rc1 a5 14. e3
Ba6 15. Qc2 Rc8 16. Bxa6 Rc7 17. c4 O-O 18. Nd4 Qc5 19. a4 Qb4+ 20. Kf1 Nd2+
21. Ke2 Nxc4 22. Rb1 Qc5 23. Rb5 Qe7 24. Rxd5 Nxe3 25. Kxe3 Rxc2 26. Nxc2 Qg5+
27. Kf3 Qf5+ 28. Ke3 Qxc2 29. Bb5 Qb3+ 30. Rd3 Qe6 31. f4 Qg6 32. g3 Qf5 33.
Rhd1 f6 34. Bc4+ Kh8 35. Rd8 g6 36. Rxf8+ Kg7 37. exf6+ Kxf8 38. Rd8# 1-0

[Event "DVM U10 2013"]
[Site "Magdeburg GER"]
[Date "2013.12.28"]
[Round "3"]
[White "Eschner, Fabian"]
[Black "Lindemann, Jarno"]
[Result "0-1"]
[Termination "normal"]
[Board "4.4"]
[WhiteElo "849"]
[BlackElo "940"]
[WhiteTeam "Schachzwerge Magdeburg 1"]
[BlackTeam "Hagener SV"]
[WhiteFideId "16232860"]
[BlackFideId "12977934"]
[EventCountry "GER"]
[EventRounds "6"]
[EventType "team-swiss"]
[EventDate "2013.12.27"]

1. e4 d5 2. exd5 Qxd5 3. Nc3 Qa5 4. Bc4 Nc6 5. Nf3 Bg4 6. h3 Bh5 7. g4 Bg6 8.
Ng5 Nf6 9. h4 h6 10. Nh3 e6 11. h5 Be4 12. Rg1 Qe5 13. Qe2 Nd4 14. f4 Nxe2 15.
fxe5 Nd4 16. Kd1 Bxc2+ 17. Ke1 Nf3+ 18. Ke2 Nxg1+ 19. Nxg1 Nxg4 20. d3 Nxe5 21.
Kd2 Nxc4+ 22. dxc4 Bf5 23. Ke1 O-O-O 24. Nb5 Bc5 25. Nf3 Bg4 26. Ne5 Bxh5 27.
a3 a6 28. b4 Bd4 29. Nxd4 Rxd4 30. Bb2 Re4+ 31. Kf1 f6 32. Nd3 Be2+ 33. Kf2
Bxd3 34. c5 Rg4 35. Kf3 Rg5 36. Bc1 Rg6 37. Ke3 Bf5 38. a4 h5 39. b5 h4 40. Kf2
h3 41. Bf4 h2 42. Bxh2 Rxh2+ 43. Kf3 Rgh6 44. Kf4 R6h4+ 45. Kg3 R4h3+ 46. Kf4
g5# 0-1

[Event "DVM U10 2013"]
[Site "Magdeburg GER"]
[Date "2013.12.28"]
[Round "3"]
[White "Stimatz, Ravi"]
[Black "Biermann, Lenhard"]
[Result "0-1"]
[Termination "normal"]
[Board "5.1"]
[WhiteElo "1067"]
[BlackElo "1440"]
[WhiteTeam "SK Bremen-West"]
[BlackTeam "TuS Ende"]
[WhiteFideId "12965251"]
[BlackFideId "12970077"]
[EventCountry "GER"]
[EventRounds "6"]
[EventType "team-swiss"]
[EventDate "2013.12.27"]

1. e4 e6 2. d4 d5 3. exd5 exd5 4. Bd3 Nf6 5. Nf3 Bd6 6. Bg5 Be6 7. O-O O-O 8.
c3 Nbd7 9. Qc2 Be7 10. Nbd2 h6 11. Bh4 c6 12. Rfe1 Re8 13. Ne5 Nxe5 14. dxe5
Nd7 15. Bg3 Nf8 16. Rac1 Rc8 17. h3 Nd7 18. Nf3 c5 19. c4 Nb6 20. Red1 d4 21.
b3 Na8 22. Be4 Qb6 23. Rb1 Nc7 24. Qd2 Bd7 25. Qd3 Ne6 26. Nd2 Ng5 27. Bf5 Bxf5
28. Qxf5 Qe6 29. Qxe6 Nxe6 30. Ne4 Ng5 31. Nxg5 Bxg5 32. f4 Bd8 33. b4 b6 34.
Rd3 f6 35. Rbd1 fxe5 36. fxe5 Bc7 37. bxc5 bxc5 38. Re1 Rb8 39. Rf3 Rb4 40. e6
Bxg3 41. Rxg3 Rxc4 42. e7 Rb4 43. Rg6 Rb7 44. Rc6 Rb5 45. Rd6 Kf7 46. Rd7 a5
47. Rf1+ Kg6 48. Rf8 Rbb8 49. Rd6+ Kh7 50. Rd5 Rxf8 51. exf8=Q Rxf8 52. Rxc5
Rd8 53. Kf2 d3 54. Ke1 Re8+ 55. Kd2 Re2+ 56. Kd1 Rxg2 {Rest nicht
nachvollziehbar} 0-1

[Event "DVM U10 2013"]
[Site "Magdeburg GER"]
[Date "2013.12.28"]
[Round "3"]
[White "Grone, Marvin"]
[Black "Tiller, Moritz"]
[Result "1-0"]
[Termination "normal"]
[Board "5.3"]
[WhiteElo "1003"]
[BlackElo "1039"]
[WhiteTeam "SK Bremen-West"]
[BlackTeam "TuS Ende"]
[EventCountry "GER"]
[EventRounds "6"]
[EventType "team-swiss"]
[EventDate "2013.12.27"]

1. e4 e5 2. Nf3 Nc6 3. Bb5 a6 4. Ba4 Nf6 5. Nc3 Bc5 6. O-O b5 7. Bb3 d6 8. h3
O-O 9. d3 h6 10. Be3 Be6 11. Bxc5 Bxb3 12. axb3 dxc5 13. Ne2 Nd4 14. Nxe5 Nxe2+
15. Qxe2 g6 16. Ng4 Nh5 17. Nxh6+ Kh7 18. Ng4 Qg5 19. Qe3 Nf4 20. e5 f5 21.
exf6 Rae8 22. Qf3 Rc8 23. Rxa6 c4 24. Qc6 cxb3 25. Qxc7+ Kg8 26. Qg7# 1-0

[Event "DVM U10 2013"]
[Site "Magdeburg GER"]
[Date "2013.12.28"]
[Round "3"]
[White "Dehn, Lukas"]
[Black "Müller, Nikica"]
[Result "0-1"]
[Termination "normal"]
[Board "5.4"]
[WhiteElo "824"]
[BlackElo "871"]
[WhiteTeam "TuS Ende"]
[BlackTeam "SK Bremen-West"]
[BlackFideId "16235819"]
[EventCountry "GER"]
[EventRounds "6"]
[EventType "team-swiss"]
[EventDate "2013.12.27"]

1. e4 e5 2. Nf3 Nc6 3. d3 g6 4. Bg5 Nf6 5. Be2 Bg7 6. O-O O-O 7. Nbd2 d6 8. c4
Be6 9. Nb3 Qd7 10. Be3 Rad8 11. c5 Bxb3 12. Qxb3 dxc5 13. Bxc5 Rfe8 14. Qc3 b6
15. Nxe5 Nxe5 16. Be3 c6 17. d4 Neg4 18. h3 Nxe4 19. Bxg4 Qxg4 20. hxg4 Nxc3
21. bxc3 c5 22. dxc5 bxc5 23. Bxc5 Bxc3 24. Rac1 Bd4 25. Bxd4 Rxd4 26. f3 h5
27. gxh5 gxh5 28. Rc5 h4 29. Rg5+ Kh8 30. Rh5+ Kg7 31. Ra5 Ra8 32. Kh2 Kg6 33.
Re1 f6 34. Re6 Rc4 35. Re7 a6 36. Re6 Rc2 37. Raxa6 Rxa6 38. Rxa6 {nicht mehr
nachvollziehbar} 0-1

[Event "DVM U10 2013"]
[Site "Magdeburg GER"]
[Date "2013.12.28"]
[Round "3"]
[White "Triantafillidis, Simeon"]
[Black "Bosselmann, Tom Linus"]
[Result "0-1"]
[Termination "normal"]
[Board "6.1"]
[WhiteElo "1361"]
[BlackElo "1353"]
[WhiteTeam "SF HN-Biberach 1978"]
[BlackTeam "Lübecker SV"]
[WhiteFideId "12953113"]
[BlackFideId "12983845"]
[EventCountry "GER"]
[EventRounds "6"]
[EventType "team-swiss"]
[EventDate "2013.12.27"]

1. e4 c5 2. c3 d5 3. exd5 Qxd5 4. d4 Nc6 5. Nf3 Bg4 6. Be2 Nf6 7. O-O e6 8. Re1
Be7 9. Be3 b6 10. Nbd2 O-O 11. Qc2 Rac8 12. Rac1 Rfd8 13. Qb1 Bf5 14. Bd3 Bxd3
15. Qxd3 Qxa2 16. Ra1 Qd5 17. h3 e5 18. c4 Qd6 19. d5 Nb4 20. Qc3 a5 21. Nxe5
Nd7 22. Nd3 Bf6 23. Qb3 Nxd3 24. Qxd3 Bxb2 25. Rab1 Qf6 26. Ne4 Qe7 27. Bf4 Be5
28. Ng3 Qf6 29. Bxe5 Nxe5 30. Qc3 Re8 31. Re3 Re7 32. Qb2 Rb8 33. Qa1 Nxc4 34.
Rc3 Nd2 35. Rd1 Ne4 36. Nxe4 Rxe4 37. Rb1 Re2 38. Rf1 h6 39. Qd1 Qxc3 40. Qxe2
b5 41. d6 Qf6 42. d7 Qd8 43. Qg4 Rb7 44. Rd1 b4 45. Qf5 Rc7 46. Qd5 a4 47. Qd6
b3 48. Qxc7 Qxc7 49. d8=Q+ Qxd8 50. Rxd8+ Kh7 51. Rb8 c4 52. Kf1 c3 53. Ke1 b2
54. Kd1 a3 55. Kc2 a2 56. Rxb2 a1=Q 57. Rb3 Qa2+ 58. Kxc3 Qxf2 59. Rb2 Qc5+ 60.
Kd3 Kg6 61. Re2 Kf5 62. Kd2 Kf4 63. Ke1 Kg3 64. Kf1 Qc1+ 65. Re1 Qf4+ 66. Kg1
Qf2+ 67. Kh1 Qxe1# 0-1

[Event "DVM U10 2013"]
[Site "Magdeburg GER"]
[Date "2013.12.28"]
[Round "3"]
[White "Glinzner, Alva"]
[Black "Melzig, Antonio"]
[Result "1-0"]
[Termination "normal"]
[Board "6.2"]
[WhiteElo "1070"]
[BlackElo "1024"]
[WhiteTeam "Lübecker SV"]
[BlackTeam "SF HN-Biberach 1978"]
[WhiteFideId "16206169"]
[BlackFideId "16235193"]
[EventCountry "GER"]
[EventRounds "6"]
[EventType "team-swiss"]
[EventDate "2013.12.27"]

1. e4 e5 2. Nf3 Nc6 3. d4 d6 4. Bb5 Bd7 5. Bc4 Nf6 6. Nc3 a6 7. Bb3 Bg4 8. d5
Nd4 9. Qd3 Nxf3+ 10. gxf3 Bh3 11. Rg1 Bd7 12. Be3 c5 13. f4 exf4 14. Bxf4 b5
15. Qe2 c4 16. Bxc4 bxc4 17. Qxc4 g6 18. f3 Qb6 19. O-O-O Bb5 20. Nxb5 axb5 21.
Qc6+ Qxc6 22. dxc6 Nh5 23. Bxd6 Bxd6 24. Rxd6 Ke7 25. Rgd1 Ra6 26. e5 Nf4 27.
c7 Rxd6 28. exd6+ Kd7 29. b3 Ne2+ 30. Kb2 Ng1 31. f4 Nf3 32. h3 f6 33. c4 bxc4
34. bxc4 g5 35. c5 gxf4 36. Rf1 Ng5 37. Rxf4 Nxh3 38. Rxf6 Ng5 39. Kb3 Ne4 40.
Rf7+ Ke6 41. Re7+ Kd5 42. d7 Nxc5+ 43. Kc3 Na4+ 44. Kb4 Nb6 45. d8=Q+ Rxd8 46.
cxd8=Q+ Kc6 47. Qc7+ Kd5 48. Qxb6 h6 49. Qc5# 1-0

[Event "DVM U10 2013"]
[Site "Magdeburg GER"]
[Date "2013.12.28"]
[Round "3"]
[White "Gerold, Robin"]
[Black "Schönweiler, Elisabeth"]
[Result "0-1"]
[Termination "normal"]
[Board "6.3"]
[WhiteElo "995"]
[BlackElo "966"]
[WhiteTeam "SF HN-Biberach 1978"]
[BlackTeam "Lübecker SV"]
[WhiteFideId "16235185"]
[BlackFideId "12997005"]
[EventCountry "GER"]
[EventRounds "6"]
[EventType "team-swiss"]
[EventDate "2013.12.27"]

1. e4 e5 2. Nf3 Nc6 3. Bb5 Nf6 4. d3 h6 5. O-O Bc5 6. Nc3 O-O 7. Bd2 d6 8. h3
Ne7 9. Bc4 Ng6 10. Qe2 c6 11. Be3 Bxe3 12. Qxe3 d5 13. exd5 cxd5 14. Bxd5 Nxd5
15. Nxd5 Qxd5 16. Qe4 Qxe4 17. dxe4 Bd7 18. Rad1 Bc6 19. Rfe1 Rad8 20. Rd3 Rxd3
21. cxd3 Bb5 22. Rd1 Rd8 23. d4 Be2 24. Rd2 Bxf3 25. gxf3 Rxd4 26. Rxd4 exd4
27. Kf1 Nf4 28. h4 Kf8 29. Ke1 Ke7 30. Kd2 Kd6 31. Kc2 Nh3 32. b4 Nxf2 33. Kd2
Nh3 34. Kd3 Ke5 35. Kd2 g5 36. h5 Nf4 37. a4 Nxh5 38. Ke2 Nf4+ 39. Kf2 d3 40.
Ke3 h5 41. Kf2 h4 42. Kf1 h3 43. Kg1 d2 44. Kf1 d1=Q+ 45. Kf2 Qe2+ 46. Kg1 Qg2#
0-1

[Event "DVM U10 2013"]
[Site "Magdeburg GER"]
[Date "2013.12.28"]
[Round "3"]
[White "Rietschel, Tilo"]
[Black "Dittmar, Elia"]
[Result "1-0"]
[Termination "normal"]
[Board "6.4"]
[WhiteElo "1127"]
[BlackElo "783"]
[WhiteTeam "Lübecker SV"]
[BlackTeam "SF HN-Biberach 1978"]
[WhiteFideId "16208390"]
[BlackFideId "16269098"]
[EventCountry "GER"]
[EventRounds "6"]
[EventType "team-swiss"]
[EventDate "2013.12.27"]

1. e4 e5 2. Nf3 Nc6 3. Bc4 Nf6 4. d3 Bb4+ 5. c3 Bc5 6. Bg5 h6 7. Bh4 g5 8. Bg3
h5 9. h3 h4 10. Bh2 g4 11. Nxe5 g3 12. Nxc6 dxc6 13. fxg3 hxg3 14. Bxg3 Nh5 15.
Qf3 Qd7 16. Nd2 Qe7 17. O-O-O Qf6 18. Qxf6 Nxf6 19. Rhf1 Be7 20. Bxf7+ Kxf7 21.
e5 Rh6 22. Ne4 Ke6 23. exf6 Bxf6 24. Rde1 Kf7 25. Be5 Ke7 26. Bxf6+ Ke8 27.
Ng5+ Kd7 28. Re7+ Kd6 29. Nf7+ Kd5 30. Re5# 1-0

[Event "DVM U10 2013"]
[Site "Magdeburg GER"]
[Date "2013.12.28"]
[Round "3"]
[White "Garbuz, Nicole"]
[Black "Kazuch, Vincent"]
[Result "1-0"]
[Termination "normal"]
[Board "7.1"]
[WhiteElo "1267"]
[BlackElo "1165"]
[WhiteTeam "SF Dortmund-Brackel 1930"]
[BlackTeam "SV Empor Erfurt 1"]
[WhiteFideId "12990701"]
[BlackFideId "12971480"]
[EventCountry "GER"]
[EventRounds "6"]
[EventType "team-swiss"]
[EventDate "2013.12.27"]

1. e4 e6 2. Nf3 d5 3. exd5 exd5 4. d4 Nc6 5. Be3 Bf5 6. Bd3 Bxd3 7. Qxd3 Nf6 8.
Nc3 Bb4 9. a3 Bxc3+ 10. Qxc3 O-O 11. O-O Ne4 12. Qd3 Qf6 13. c4 Qf5 14. cxd5
Qxd5 15. Rfe1 Rfe8 16. b4 Rad8 17. Bf4 Rd7 18. Re2 Rde7 19. Rae1 Qf5 20. Bxc7
Nd6 21. Qxf5 Nxf5 22. Rxe7 Rxe7 23. Rxe7 Ncxe7 24. Kf1 f6 25. Ke2 Kf7 26. Kd3
Ke6 27. Ke4 g5 28. g4 Nd6+ 29. Bxd6 Kxd6 30. h4 h6 31. hxg5 hxg5 32. Nd2 b5 33.
Nb3 Kc6 34. Na5+ Kd6 35. Nb7+ Kc7 36. Nc5 Kc6 37. Ne6 Kd6 38. Nc5 Kc7 39. a4
bxa4 40. Nxa4 Kc6 41. Nc5 Kc7 42. d5 Kd6 43. Nb7+ Kd7 44. d6 Nc6 45. Kf5 Nxb4
46. Kxf6 a5 47. Nxa5 Kxd6 48. Kxg5 1-0

[Event "DVM U10 2013"]
[Site "Magdeburg GER"]
[Date "2013.12.28"]
[Round "3"]
[White "Kracht, Raphael"]
[Black "Schneider, Konstantin"]
[Result "1-0"]
[Termination "normal"]
[Board "7.3"]
[WhiteElo "1041"]
[BlackElo "1048"]
[WhiteTeam "SF Dortmund-Brackel 1930"]
[BlackTeam "SV Empor Erfurt 1"]
[WhiteFideId "16214382"]
[EventCountry "GER"]
[EventRounds "6"]
[EventType "team-swiss"]
[EventDate "2013.12.27"]

1. e4 e5 2. Nf3 Nc6 3. Bc4 Bc5 4. b4 Bxb4 5. c3 Ba5 6. d4 exd4 7. O-O dxc3 8.
Qb3 Qf6 9. Bg5 Qg6 10. Na3 a6 11. Rad1 h6 12. Bh4 Bb6 13. e5 Na5 14. Qxc3 Nxc4
15. Nxc4 Qc6 16. e6 f6 17. Qd3 d6 18. Qg6+ Kd8 19. Qxg7 Qxc4 20. Qf8# 1-0

[Event "DVM U10 2013"]
[Site "Magdeburg GER"]
[Date "2013.12.28"]
[Round "3"]
[White "Niebur, Thorben Carl"]
[Black "Farhoudah, Majd"]
[Result "1-0"]
[Termination "normal"]
[Board "7.4"]
[WhiteElo "984"]
[BlackElo "1012"]
[WhiteTeam "SV Empor Erfurt 1"]
[BlackTeam "SF Dortmund-Brackel 1930"]
[WhiteFideId "16217691"]
[EventCountry "GER"]
[EventRounds "6"]
[EventType "team-swiss"]
[EventDate "2013.12.27"]

1. e4 e5 2. Nf3 Nc6 3. d4 d5 4. exd5 Qxd5 5. Nc3 Qe6 6. Be3 Bd6 7. d5 Qd7 8.
dxc6 bxc6 9. g3 Qe7 10. Bg2 Bg4 11. h3 Bh5 12. Qd3 Bg6 13. Qd2 Nf6 14. Nxe5 O-O
15. Nxc6 Qe8 16. Nd4 Be4 17. Nxe4 Nxe4 18. Qd3 Nc5 19. Qf5 Rb8 20. O-O Rxb2 21.
Nf3 Rb5 22. c4 Ra5 23. Bd2 Ra4 24. Qc2 Qe6 25. Rac1 Ra6 26. Ng5 Qh6 27. Ne4 Qe6
28. Rfe1 g6 29. Nxc5 Qc8 30. Nxa6 Qxa6 31. c5 Bxg3 32. fxg3 c6 33. Qc3 Rd8 34.
Bh6 f6 35. Qxf6 Qb7 36. Qxd8+ Kf7 37. Re7+ Kf6 38. Rf1# 1-0